000 00682nam a2200289Ia 4500
005 20260324133615.0
008 008 260324s9999 xx 000 0 eng d
020 _a9780203957776
037 _aEBOOK
040 _aCRL
040 _beng
040 _cCRL
041 _2eng
041 _aeng
084 _qCRL
100 _aJudith Ryan; Alfred Thomas
_91193715
245 0 _aCultures of Forgery
245 0 _bMaking Nations, Making Selves
260 _bTaylor and Francis
260 _c2003
365 _a
365 _b68.99
856 _uhttp://www.taylorfrancis.com/books/9780203957776
942 _cEBOOK
999 _c1792943
_d1792943